000 01467cam a2200373Ii 4500
001 14199
003 BD-RjUL
005 20211208235604.0
008 140205t19681954dcuadk ob f000 0 eng d
035 _a(GPO)99359547
035 _aBD-RjUL)14251
040 _aOCLCE
_beng
_cOCLCE
_dOCLCQ
_dUKMGB
_dGPO
_dBD-RjUL
041 _aeng
082 0 4 _221
_a 631.416
_bDIA 1954
099 _aUS Government Documents
245 0 0 _aDiagnosis and improvement of saline and alkali soils /
_cUnited States Salinity Laboratory Staff ; contributing authors, L.E. Allison ... [et al.] ; L.A. Richards, editor.
250 _aIndian ed.
260 _aWashington :
_bU.S. Dept. of Agriculture,
_c1968.
300 _avii, 160 p. :
_bill., charts, forms. ;
_c30cm
490 1 _aAgriculture handbook ;
_vno. 60
500 _aTitle from title screen (viewed on Jan. 27, 2012).
500 _a"Issued February 1954."
500 _aG.P.O. sales statement incorrect in publication.
504 _aIncludes bibliographical references (p. 148-153).
650 0 _aSoils, Salts in
_zUnited States.
_944343
650 0 _aAlkali lands
_zUnited States.
_944344
700 1 _aAllison, L. E.
_944346
700 1 _aRichards, L. A.
_944347
710 2 _aSalinity Laboratory (U.S.)
_944348
830 0 _vno. 60.
_9166290
830 0 _aAgriculture handbook (United States. Dept. of Agriculture) ;
_9166011
856 4 0 _uhttp://www.columbia.edu/cgi-bin/cul/resolve?clio9346929
942 _2ddc
_cBK
999 _c14199
_d14199